000 00454nam a2200181Ia 4500
001 23149
005 20260414150918.0
008 260414t2018||||xx |||||||||||||| ||spa||
041 _aESP
082 _a624.2
_bC265
100 _aConnor, David
_eAUT
245 0 _aBridge problems for the structural engineering (SE) exam
_b
260 _c2018
300 _ai-38, 172 páginas :
_c28 cm.
650 _a0
654 _aCIC
942 _cLIB
_dJUS
_fJUS
_2ddc
_n
999 _c23149
_d23149